000 02137nam a2200241Ia 4500
003 Ost
005 20260507075125.0
008 260507s9999||||xx |||||||||||||| ||und||
020 _a6700241977
040 _cfsecg
041 _aara
082 _a330
100 _aالشربيني، وفاء سعد
_eمؤلف
245 0 _aالإتحاد الأوروبي والوضع السياسي الجديد في الوطن العربي1991-2003 :
_bأعمال الندوة المصرية الفرنسية الحادية عشر 14-15يناير 2004 /
_c وفاء سعد الشربيني
260 _aمصر:
_bمركز البحوث والدراسات السياسية,
_c2005
300 _a533 صفحة؛
_c24 سم
520 _aالبعد التاريخي للعلاقات المصرية الأوروبية-سياسات الإتحاد الأوروبي اتجاه صراعات المنطقة والإدراك العربي لهذه السياسات-السياسات الخارجية للدول الأعضاء في الإتحاد الأوروبي تجاه القضية الفلسطينية والإدراك العربي لهذه السياسات-السياسات الخارجية للدول الأعضاء في الإتحاد الأوروبي تجاه القضية العراقية والإدراك العربي لهذه السياسات-الحرب الدولية ضد الإرهاب بعد الحادي عشر من سبتمبر والإدراك العربي للمواقف الأوروبية من هذه الحروب-الأبعاد الإقتصادية للمشاركة الأوروبية المتوسطية-الأبعاد الثقافية لسياسات الإتحاد الأوروبي في المنطقة العربية وردود الفعل العربية-الإتحاد الأوروبي وقضايا حقوق الإنسان والتحول الديمقراطي في المنطقة العربية
653 _aالإتحاد الأوروبي
653 _aالوطن العربي
653 _aسياسات الإتحاد الأوروبي
700 _aأثناء، فؤاد عبد الله
_eمؤلف ثانوي
942 _cكتاب
999 _c43138
_d43138